En busca del paraíso perdido: ciclos migratorios en Costa Rica /
El autor comenta que existen regularidades bien definidas en los patrones de movilidad espacio-temporal que caracterizan la historia reciente de los países del Tercer Mundo, y que tales regularidades son un componente esencial del o de los procesos de expansión y reproducción del modo de producción...
Guardado en:
| 主要作者: | |
|---|---|
| 格式: | Texto |
| 主題: | |
| 標簽: |
添加標簽
沒有標簽, 成為第一個標記此記錄!
|
MARC
| LEADER | 00000 a a2200000 04500 | ||
|---|---|---|---|
| 001 | 14426 | ||
| 003 | |||
| 040 | |||
| 100 | |a Camacho Zamora, José Antonio | ||
| 245 | |a En busca del paraíso perdido: ciclos migratorios en Costa Rica / |c José Antonio Camacho Zamora | ||
| 520 | |a El autor comenta que existen regularidades bien definidas en los patrones de movilidad espacio-temporal que caracterizan la historia reciente de los países del Tercer Mundo, y que tales regularidades son un componente esencial del o de los procesos de expansión y reproducción del modo de producción urbano industrial en diferentes sociedades. A partir de esto, en el artículo se analiza el caso de costa Rica |a los datos recogidos muestran que en este país se perfilan, hasta la época reciente dos ciclos migratorios, el centrífugo y el centrípeto. El primero son los flujos migratorios de la Meseta Central y se dispersan por todo el país en diferentes períodos en una actividad colonizadora. El ciclo centrípeto, por el contrario, se inicia a mediados del presente siglo con la desaparición de las fronteras agrícolas y la modificación consecuente de las direcciones migratorias que esta vez se dirigen a los centros urbanos de la Región Central. En detalle se estudian los siguientes temas: los ciclos migratorios |a la perspectiva macro-analítica |a la perspectiva micro-analítica |a la fase centrífuga |a la fase centrípeta y la perspectiva micro-análitica. HMBQ/HMBQ | ||
| 650 | |a PUB.IIS | ||
| 650 | |a AGRICULTURA | ||
| 650 | |a MIGRACION | ||
| 650 | |a USO DE LA TIERRA | ||
| 650 | |a CAFE | ||
| 650 | |a POBLACION | ||
| 650 | |a DEMOGRAFIA | ||
| 650 | |a GRANOS BASICOS | ||
| 650 | |a ZONAS URBANAS | ||
| 650 | |a ZONAS RURALES | ||
| 650 | |a MERCADOS | ||
| 650 | |a POBLACION | ||
| 650 | |a USO DE LA TIERRA | ||
| 773 | |g ESPECIAL número 2; páginas 47-56 | ||
| 999 | |c 31081 |d 31081 | ||
| 773 | 0 | |0 18728 |9 4449 |a Universidad de Costa Rica. |d San José, Costa Rica Editorial UCR 1959- |o 16794 |t Revista de Ciencias Sociales/ |x 04825276 | |
